00485nam a2200133Ia 4500008004100000100001700041245008900058260001600147300001200163650001600175856006800191999001900259952007300278160712s9999 xx 000 0 und d aLim, Kate A. cKate A. LimaAsian Port Cities, 1600–1800: Local and foreign cultural interactions c2012bHukay avol. 17 xARCHAEOLOGY uhttp://journals.upd.edu.ph/index.php/asp/issue/view/422/showToc c297387d297387 001040aCLbCLd2016-07-12l0r2016-07-12 00:00:00w2016-07-12yFEJ